Statistics for Guess the lyrics (#55)

Click here to take the quiz!

General Stats

  • This quiz has been taken 114 times
  • The average score is 54 of 114

Answer Stats

Answer% Correct
I
99%
the
91%
you
91%
be
76%
is
73%
that
72%
do
67%
can
64%
my
61%
no
61%
No
61%
of
55%
as
53%
ever
49%
it's
49%
It's
49%
one
49%
One
49%
time
44%
by
43%
know
43%
Two
40%
two
40%
you'll
37%
just
36%
number
33%
bad
31%
good
31%
loneliest
31%
than
31%
Because
29%
Yes
27%
Now
24%
went
22%
since
21%
away
19%
saddest
13%
experience
10%
making
10%
spend
10%
anymore
8%
Much
8%
much
8%
rhymes
8%
yesterday
8%
worse
7%
divided
3%

Score Distribution

Percentile by Number Answered

Percent of People with Each Score

Your Score History

You have not taken this quiz